000
00322nam a2200157Ia 4500
100
_a
Rogers/Rick
650
_a
Android
942
_c
BK
366
_f
25
245
_a
Android application development
260
_b
SPD
_c
2009
082
_a
5.133
_b
ROG
300
_a
318
546
_a
ENGLISH
_c
electronics
999
_c
28223
_d
28223